Normal view MARC view

Entry Uniform Title

Number of records used in: 2

001 - CONTROL NUMBER

  • control field: 27459

003 - CONTROL NUMBER IDENTIFIER

  • control field: dpl

005 - DATE AND TIME OF LATEST TRANSACTION

  • control field: 20110425114453.0

008 - FIXED-LENGTH DATA ELEMENTS

  • fixed length control field: 110425|||a|||||| | ||| d

040 ## - CATALOGING SOURCE

  • Original cataloging agency: dpl
  • Transcribing agency: dpl

130 ## - HEADING--UNIFORM TITLE

  • Uniform title: पूर्णतया संशोधित एवं परिवर्द्धित संस्करण

670 ## - SOURCE DATA FOUND

  • Source citation: Work cat.: (dpl)51454: 26640, स्पेक्ट्रम सामान्य अध्ययनः, 2011

670 ## - SOURCE DATA FOUND

  • Source citation: Work cat.: (dpl)51454: 26640, स्पेक्ट्रम सामान्य अध्ययनः, 2011

© Delhi Public Library
Hit Counter
free hit counter